[Event "Voronezh op-B 23rd"]
[Site "Voronezh"]
[Date "2019.06.18"]
[Round "7"]
[White "Yaurov, Egor"]
[Black "Kiseleva, Arina"]
[Result "1-0"]
[WhiteElo "1840"]
[BlackElo "2049"]
[PlyCount "139"]
[EventDate "2019.06.12"]
[EventType "swiss"]
[EventRounds "9"]
[EventCountry "RUS"]
[SourceTitle "EXT 2020"]
[Source "ChessBase"]
[SourceDate "2019.10.17"]
[SourceVersion "1"]
[SourceVersionDate "2019.10.17"]
[SourceQuality "1"]

1. d4 g6 2. Bf4 Bg7 3. Nf3 c5 4. e3 Qb6 5. b3 cxd4 6. exd4 Nc6 7. c3 d6 8. Nbd2 Nf6 9. Bc4 0-0 10. 0-0 Bf5 11. Re1 Qc7 12. Qe2 Rae8 13. h3 a6 14. Rac1 b5 15. g4 Bd7 16. Bd3 h5 17. Nh2 hxg4 18. hxg4 Nd5 19. Bg3 e5 20. Qf3 Be6 21. Be4 Nce7 22. c4 bxc4 23. bxc4 Nb6 24. d5 Bd7 25. g5 f5 26. gxf6 Rxf6 27. Qa3 Bh6 28. Nhf1 Na4 29. c5 Nxc5 30. Bxe5 dxe5 31. Rxc5 Qd8 32. Ne3 Ref8 33. Re2 Bb5 34. Nec4 Nf5 35. Qh3 Kg7 36. Bxf5 Rxf5 37. Kf1 Bxd2 38. Rxd2 Rf4 39. Qd3 Rxf2+ 40. Rxf2 Rxf2+ 41. Kxf2 Qf8+ 42. Qf3 Qxc5+ 43. Ne3 Qd4 44. Kg3 Qd3 45. Kh4 Bd7 46. Kg5 Kg8 47. Kf6 e4 48. Qf4 Qd4+ 49. Kxg6 Qg7+ 50. Kh5 Qh8+ 51. Kg5 Qg7+ 52. Kh4 Qe7+ 53. Qg5+ Kf8 54. Qxe7+ Kxe7 55. Kg5 Bb5 56. Kf5 Bd3 57. Ke5 Kd7 58. Ng4 a5 59. Nf6+ Ke7 60. Nxe4 Bxe4 61. Kxe4 a4 62. a3 Kd7 63. Kd4 Kc7 64. Kc5 Kd7 65. Kb5 Kd6 66. Kxa4 Kxd5 67. Kb5 Kd6 68. Kb6 Kd7 69. Kb7 Kd6 70. a4 1-0

[Event "Voronezh op-B 23rd"]
[Site "Voronezh"]
[Date "2019.06.17"]
[Round "6"]
[White "Vozmilov, Lev"]
[Black "Yaurov, Egor"]
[Result "0-1"]
[WhiteElo "1497"]
[BlackElo "1840"]
[PlyCount "104"]
[EventDate "2019.06.12"]
[EventType "swiss"]
[EventRounds "9"]
[EventCountry "RUS"]
[SourceTitle "EXT 2020"]
[Source "ChessBase"]
[SourceDate "2019.10.17"]
[SourceVersion "1"]
[SourceVersionDate "2019.10.17"]
[SourceQuality "1"]

1. e4 c6 2. Nc3 d5 3. Nf3 Bg4 4. h3 Bxf3 5. Qxf3 e6 6. Be2 Nd7 7. 0-0 Ngf6 8. d4 dxe4 9. Nxe4 Nxe4 10. Qxe4 Nf6 11. Qd3 Be7 12. Bf3 0-0 13. Be3 Qc7 14. c3 Rfd8 15. Qe2 Rab8 16. Rfd1 b6 17. Rd3 c5 18. dxc5 Bxc5 19. Bxc5 Qxc5 20. Rad1 Rxd3 21. Rxd3 Qc7 22. Qd1 g6 23. Rd4 Kg7 24. Qd2 Re8 25. g4 e5 26. Rd6 Re6 27. Rd8 e4 28. Bg2 h6 29. Rd4 g5 30. Qe3 Qe5 31. c4 Kg6 32. b3 Qf4 33. Kf1 h5 34. gxh5+ Kxh5 35. Qxf4 gxf4 36. f3 exf3 37. Bxf3+ Kg5 38. Kf2 a5 39. Bd5 Re3 40. h4+ Kf5 41. Bf3 Ng4+ 42. Kg2 Rc3 43. Rd5+ Ne5 44. h5 f6 45. Bd1 Kg5 46. Kf2 Rh3 47. a3 f3 48. Kg1 Kf4 49. b4 Kg3 50. Bxf3 Nxf3+ 51. Kf1 Rh2 52. c5 Rf2# 0-1

[Event "Voronezh op-B 23rd"]
[Site "Voronezh"]
[Date "2019.06.13"]
[Round "2"]
[White "Peschansky, Mikhail"]
[Black "Yaurov, Egor"]
[Result "1/2-1/2"]
[WhiteElo "2075"]
[BlackElo "1840"]
[PlyCount "61"]
[EventDate "2019.06.12"]
[EventType "swiss"]
[EventRounds "9"]
[EventCountry "RUS"]
[SourceTitle "CBM 191 Extra"]
[Source "ChessBase"]
[SourceDate "2019.09.30"]
[SourceVersion "1"]
[SourceVersionDate "2019.09.30"]
[SourceQuality "1"]

1. c4 e6 2. g3 d5 3. Bg2 Nf6 4. Nf3 Nbd7 5. 0-0 b6 6. Nc3 Bb7 7. d4 Be7 8. Bf4 a6 9. Ne5 0-0 10. Qa4 c6 11. Nxc6 Bxc6 12. Qxc6 Rc8 13. cxd5 Rxc6 14. dxc6 Nh5 15. cxd7 Nxf4 16. gxf4 Qxd7 17. Rfd1 Qd6 18. e3 f5 19. Rd2 Bf6 20. Rc1 Rf7 21. Rdc2 Rc7 22. a3 Qd7 23. Bf1 Qc8 24. Bd3 Qb7 25. Bf1 Qc8 26. Be2 h6 27. Bd3 Qb7 28. Bf1 Qc8 29. Bd3 Qb7 30. Bf1 Qc8 31. Bd3 1/2-1/2

[Event "Voronezh Region-ch"]
[Site "Voronezh"]
[Date "2018.11.29"]
[Round "7"]
[White "Yaurov, Egor"]
[Black "Shestakova, Ekaterina"]
[Result "1/2-1/2"]
[WhiteElo "1749"]
[BlackElo "1886"]
[PlyCount "148"]
[EventDate "2018.11.23"]
[EventType "swiss"]
[EventRounds "9"]
[EventCountry "RUS"]
[SourceTitle "CBM 188 Extra"]
[Source "ChessBase"]
[SourceDate "2019.02.26"]
[SourceVersion "1"]
[SourceVersionDate "2019.02.26"]
[SourceQuality "1"]

1. d4 d5 2. Bg5 f6 3. Bd2 e5 4. e3 Bf5 5. Nf3 e4 6. Ng1 c6 7. c4 Ne7 8. Nc3 Nd7 9. Nge2 Bg4 10. h3 Bh5 11. Qb3 Bxe2 12. Bxe2 Qb6 13. c5 Qxb3 14. axb3 Kf7 15. b4 g6 16. b5 Bh6 17. Kd1 Ke6 18. b4 f5 19. Kc2 Rhc8 20. Ra4 cxb5 21. Nxb5 a6 22. Nd6 Rc7 23. Kb2 Bg7 24. Nb5 Rcc8 25. Nc3 Rab8 26. Rb1 Nc6 27. Kb3 Nf6 28. Ka3 Bf8 29. Ka2 Nd7 30. Rb3 Ra8 31. Kb2 Bg7 32. b5 axb5 33. Rxa8 Rxa8 34. Nxb5 Rb8 35. Nc7+ Kf7 36. Bc3 Nf6 37. Bb5 Nd8 38. Ba4 Rc8 39. Ba5 g5 40. Nb5 Bf8 41. Nc3 f4 42. Bxd8 Rxd8 43. Rxb7+ Kg6 44. c6 Rc8 45. c7 fxe3 46. fxe3 Bd6 47. Nb5 Bg3 48. Rb6 Kf5 49. Bb3 h5 50. Nd6+ Bxd6 51. Rxd6 Rxc7 52. Bxd5 Re7 53. Kc3 h4 54. Kd2 g4 55. Kc3 gxh3 56. gxh3 Ne8 57. Rh6 Nf6 58. Bb3 Kg5 59. Rh8 Rc7+ 60. Kd2 Rb7 61. Bc2 Rb5 62. Rc8 Kg6 63. Rc6 Kf7 64. Kc3 Rg5 65. Bb3+ Kg7 66. Rc7+ Kh6 67. Be6 Rg3 68. Kd2 Rg2+ 69. Ke1 Rg5 70. Rc5 Rg3 71. Kd2 Rg2+ 72. Kc3 Rg3 73. Kd2 Rg2+ 74. Kc3 Rg3 1/2-1/2

[Event "Voronezh Region-ch"]
[Site "Voronezh"]
[Date "2018.11.27"]
[Round "5"]
[White "Yaurov, Egor"]
[Black "Artemov, Nikita"]
[Result "0-1"]
[WhiteElo "1749"]
[BlackElo "2008"]
[PlyCount "82"]
[EventDate "2018.11.23"]
[EventType "swiss"]
[EventRounds "9"]
[EventCountry "RUS"]
[SourceTitle "CBM 188 Extra"]
[Source "ChessBase"]
[SourceDate "2019.02.26"]
[SourceVersion "1"]
[SourceVersionDate "2019.02.26"]
[SourceQuality "1"]

1. d4 Nf6 2. Bg5 Ne4 3. Bf4 c5 4. f3 Nf6 5. dxc5 Qa5+ 6. Qd2 Qxc5 7. e4 d6 8. Be3 Qc7 9. Nc3 Nc6 10. 0-0-0 a6 11. g4 e6 12. Be2 Be7 13. h4 b5 14. Nh3 Ne5 15. Nf2 Bd7 16. f4 b4 17. Nb1 Nc4 18. Bxc4 Qxc4 19. b3 Qc6 20. Qd3 a5 21. g5 Nh5 22. Nd2 a4 23. Kb1 0-0 24. Nc4 axb3 25. cxb3 Qa6 26. Qc2 Bb5 27. Rd3 Rfc8 28. Rc1 e5 29. fxe5 dxe5 30. Rd5 Nf4 31. Bxf4 exf4 32. Nd3 Bxc4 33. bxc4 Rcb8 34. Qb3 Qc6 35. Re5 Qd7 36. Rd5 Qh3 37. c5 Ra3 38. Qc4 b3 39. Nb2 Qg2 40. Qd4 Rxa2 41. Rd7 Rba8 0-1

[Event "EU School-ch U09"]
[Site "Budva"]
[Date "2017.06.14"]
[Round "5"]
[White "Nobel, Rafail"]
[Black "Yaurov, Egor"]
[Result "0-1"]
[WhiteElo "1083"]
[BlackElo "1727"]
[PlyCount "96"]
[EventDate "2017.06.11"]
[EventType "swiss"]
[EventRounds "9"]
[EventCountry "MNE"]
[SourceTitle "EXT 2024"]
[Source "ChessBase"]
[SourceDate "2023.10.10"]
[SourceVersion "1"]
[SourceVersionDate "2023.10.10"]
[SourceQuality "1"]

1. e4 c6 2. Nc3 d5 3. Qe2 d4 4. Nd1 e5 5. g3 Bd6 6. d3 Ne7 7. f4 Nd7 8. Nf3 Qc7 9. f5 b6 10. Bg2 Bb7 11. Bd2 h6 12. 0-0 0-0-0 13. Nf2 Rdg8 14. Rfb1 g6 15. fxg6 fxg6 16. b4 g5 17. h3 Nf6 18. Nh2 Kb8 19. a4 Bc8 20. b5 cxb5 21. Rxb5 a6 22. Rbb1 Ka7 23. a5 b5 24. c4 dxc3 25. Be3+ Bc5 26. Bxc5+ Qxc5 27. Rc1 Nc6 28. Qd2 b4 29. Rab1 Nd4 30. Nf3 Nxf3+ 31. Bxf3 Be6 32. Bd1 Rc8 33. Qe2 Rh7 34. Kg2 Rb7 35. Qf3 Ne8 36. Bb3 Bxb3 37. Rxb3 Nd6 38. Qd1 Nb5 39. Qe1 Nd4 40. Rbb1 b3 41. Ng4 b2 42. Rd1 c2 43. Nxh6 cxd1Q 44. Rxd1 Qc2+ 45. Rd2 b1Q 46. Rxc2 Rxc2+ 47. Kf1 Qxe1+ 48. Kxe1 Rb1# 0-1

[Event "EU School-ch U09"]
[Site "Budva"]
[Date "2017.06.12"]
[Round "2"]
[White "Yaurov, Egor"]
[Black "Razhbadinov, Rasul"]
[Result "0-1"]
[WhiteElo "1727"]
[BlackElo "1414"]
[PlyCount "110"]
[EventDate "2017.06.11"]
[EventType "swiss"]
[EventRounds "9"]
[EventCountry "MNE"]
[SourceTitle "EXT 2024"]
[Source "ChessBase"]
[SourceDate "2023.10.10"]
[SourceVersion "1"]
[SourceVersionDate "2023.10.10"]
[SourceQuality "1"]

1. d4 Nf6 2. Bg5 d5 3. Bxf6 exf6 4. e3 Bd6 5. c4 dxc4 6. Bxc4 0-0 7. Nf3 c6 8. 0-0 Nd7 9. Nbd2 f5 10. Qc2 Nf6 11. Bd3 g6 12. Nc4 Bc7 13. h3 Re8 14. Nfe5 Be6 15. Rad1 Bd5 16. f4 Ne4 17. Nf3 Ng3 18. Rfe1 Bxf3 19. gxf3 b5 20. Ne5 Qh4 21. Qg2 Ba5 22. Kh2 Bxe1 23. Rxe1 Nh5 24. Rg1 Qf6 25. Qc2 Ng7 26. Rc1 Re6 27. a4 a6 28. a5 Ne8 29. Qd2 Rc8 30. b4 Nc7 31. Bb1 Ne8 32. Ba2 Re7 33. d5 Rxe5 34. fxe5 Qxe5+ 35. f4 Qd6 36. Qc3 g5 37. Rg1 h6 38. h4 Nf6 39. hxg5 Ng4+ 40. Kg3 hxg5 41. Rh1 Nf6 42. Kf3 g4+ 43. Ke2 c5 44. Qe5 Qxe5 45. fxe5 Ne4 46. Rc1 c4 47. d6 Kf8 48. Bb1 Ke8 49. Bxe4 fxe4 50. Rc3 Kd7 51. Kf2 Rg8 52. Kg3 Ke6 53. Kf4 g3 54. Rc1 g2 55. Rg1 c3 0-1

[Event "EU School-ch U09"]
[Site "Budva"]
[Date "2017.06.11"]
[Round "1"]
[White "Arutyunyan, German"]
[Black "Yaurov, Egor"]
[Result "0-1"]
[WhiteElo "1210"]
[BlackElo "1727"]
[PlyCount "80"]
[EventDate "2017.06.11"]
[EventType "swiss"]
[EventRounds "9"]
[EventCountry "MNE"]
[SourceTitle "EXT 2024"]
[Source "ChessBase"]
[SourceDate "2023.10.10"]
[SourceVersion "1"]
[SourceVersionDate "2023.10.10"]
[SourceQuality "1"]

1. e4 c6 2. d4 d5 3. e5 c5 4. c4 Nc6 5. Nf3 Bg4 6. Be2 cxd4 7. Nxd4 Bxe2 8. Nxc6 Bxd1 9. Nxd8 Rxd8 10. Kxd1 dxc4+ 11. Kc2 e6 12. Nc3 Ne7 13. Bg5 h6 14. Bh4 g5 15. Bg3 Nf5 16. Ne4 Bg7 17. Rhe1 Nxg3 18. Nxg3 Rd5 19. Rad1 Rxe5 20. Nh5 Rxe1 21. Rxe1 Bd4 22. Re4 Bxf2 23. Rxc4 Kd8 24. Nf6 Ke7 25. Ne4 Bb6 26. a4 f5 27. Nc3 Rd8 28. b4 Rd4 29. Rxd4 Bxd4 30. Nb5 Bg1 31. h3 a6 32. Nc3 Kd6 33. Ne2 Bb6 34. Kd3 e5 35. Kc4 f4 36. Nc3 Ke6 37. Nd5 Bd8 38. Nc3 Kf5 39. Kd3 h5 40. Ne4 Be7 0-1